Ile wiesz o Serbii? - Statystyki

Ogólne statystyki
  • Ten quiz został rozwiązany 215 razy
    107 od ostatniego zresetowania
  • Średni wynik to 12 z 24
Statystyki odpowiedzi
Zagadnienie Odpowiedź % Poprawnych
Jaka jest stolica Serbii? Belgrad
97%
Jaka jest główna religia w Serbii? Prawosławie
88%
Państwo lub region, o które walczą Serbia i Albania? Kosowo
87%
Jaki jest slogan ''antyturecki'', utożsamiany z Serbią? REMOVE KEBAB (Usuń kebaba)
87%
Która z tych rzek płynie przez Serbię? Dunaj
82%
A najwyższa? 44,9 stopni
71%
Co znaczy nazwa stolicy Serbii? ''białe miasto''
64%
Jak nazywa się prezydent Serbii? Aleksandar Vucić
63%
Jak internauci nazywają pewną serbską memiczną piosenkę? ''Serbia Strong''
62%
Kliknij na mapę, która pokazuje położenie Nowego Sadu.
61%
W wieku ilu lat kobiety i mężczyźni mogą iść na emeryturę w Serbii? 👩🏻 - 60 lat, 👨🏻 - 65 lat
57%
Jacy są patroni Serbii? św. Stefan i św. Sawa
52%
Jaka nazwa upiora pochodzi z jęz. serbskiego? wampir
52%
Serbowie to statystycznie .............. osoby na świecie. najbardziej gościnne
46%
Serbia jest kandydatem do jakiej międzynarodowej unii? do UE
45%
Jaki polski rycerz poległ na terenach dzisiejszej Serbii? Zawisza Czarny z Garbowa
37%
Czy Serbia jest w Unii Europejskiej? Nie, ale chce dołączyć
36%
Jak wyglądała flaga Serbii i Czarnogóry, która się rozpadła 3 czerwca 2006?
32%
Jakiego pisma używa dzisiejsza Serbia? i łacińskiego, i cyrylicy
29%
Jaka jest najniższa temperatura zarejestrowana w Serbii? -39,5 stopnia
28%
Który z tych cerkwi i kościołów jest atrakcją Suboticy?
27%
Może znasz dewizę (motto) Serbii? ''Tylko jedność uchowa Serbów''
21%
Z upraw jakiego owocu jest znana Serbia? (1/3 zasobów tego owocu pochodzi z Serbii.)
15%
Jak obecnie się nazywa miasto na terenie Serbii, które kiedyś było stolicą Cesarstwa Rzymskiego? Sremska Mitrovica
11%
Nie znaleziono quizów pasujących do podanych kryteriów
Rozkład punktacji
Procent ludzi z każdym wynikiem
Percentyl według liczby udzielonych odpowiedzi
Twoja historia wyników
Nie rozwiązałeś tego quizu od ostatniego zresetowania